| 000 | 00633nam a2200253Ia 4500 | ||
|---|---|---|---|
| 003 | OSt | ||
| 005 | 20220924153435.0 | ||
| 006 | a|||||r|||| 00| 0 | ||
| 007 | ta | ||
| 008 | 220923b |||||||| |||| 00| 0 tam d | ||
| 020 | _c35.00 | ||
| 024 | _a350226 | ||
| 037 | _cTextual | ||
| 040 |
_aARTS _cARTS _btam |
||
| 041 |
_2tam _atam |
||
| 082 | _aO31:gN9, N1 | ||
| 100 |
_aMathiyalagan Au. _9228832 |
||
| 245 | 0 | _aNaveena ilakya chinthanaigal | |
| 260 | _c1991 | ||
| 300 |
_a12+165p. _ccm. |
||
| 650 | _aTAMIL LITERATURE | ||
| 942 |
_hO31:gN9, N1 _cTEXL _2CC |
||
| 999 |
_c473618 _d473618 |
||